000 00306nam a22001337a 4500
008 170222b xxu||||| |||| 00| 0 eng d
020 _a0721657419
041 _aeng
080 _210 ED
_a616 31
100 _a5
101 _aSHS
245 _aSCIENCE OF DENTAL MATERIALS
_cANUSAVICE .K .J
942 _2udc
_cBK
999 _c6034
_d6034